000 00449nam a22001457a 4500
008 220616b |||||||| |||| 00| 0 eng d
020 _a9966262431
050 _aH62
_b.N45 2020 V.1 c.1
100 _aNdikaru Wa Teresia
245 _aResearch Methodology:
_bfor Students of Social Sciences
_cNdikaru Wa Teresia
260 _aEldoret, Kenya
_bUtafiti Foundation
_c2020
300 _avii, 225p.
650 _aResearch Methodology
942 _2lcc
_cBK
999 _c19352
_d19351